000 00454nam a2200193Ia 4500
008 240509s9999 xx 000 0 und d
020 _a078211282X
041 _aEng
082 _a005.118
082 _bY58
100 _aYOUNG, M.J.
245 0 _aMASTERING MICROSOFT VISUAL C++ PROGRAMMING
260 _bPARIS : SYBEX
260 _c1993
300 _a980 p.
650 _aVISUAL PROGRAMMING : VISUAL C++ :
942 _2ddc
942 _cRBK
999 _c22800
_d22800
945 _a1
_bMadushi Gamage
_c1
_dMadushi Gamage